|
|
|
|
| LEADER |
01818nam a2200301 a 4500 |
| 001 |
31672 |
| 003 |
BD-DhAAL |
| 005 |
20190801164943.0 |
| 008 |
170511t19902016bg ||||| |||| 00| 1 ben d |
| 999 |
|
|
|c 38043
|d 38043
|
| 020 |
|
|
|a 9789844321731
|
| 040 |
|
|
|a BD-DhAAL
|c BD-DhAAL
|
| 041 |
|
|
|a ben
|
| 082 |
|
|
|2 23
|a 891.44371
|
| 100 |
|
|
|a আহমেদ, হুমায়ূন
|9 21533
|
| 245 |
|
|
|a এইসব দিনরাত্রি /
|c হুমায়ূন আহমেদ
|
| 246 |
|
|
|a Eisob dinratri
|
| 260 |
|
|
|a ঢাকা :
|b অনন্যা,
|c ১৯৯০ [একাদশ মুদ্রণ ২০১৬]
|
| 300 |
|
|
|a ৩১৯ পৃষ্ঠা ;
|c ২২ সে.মি.
|
| 526 |
|
|
|a AAL
Residential Campus
|
| 541 |
|
|
|a Development Book Agency
|e 31672, 31673, 34835, 34994
|
| 650 |
|
|
|a Bengali fiction
|z Bangladesh
|9 21534
|
| 852 |
|
|
|a Ayesha Abed Library
|c General Stacks
|
| 942 |
|
|
|2 ddc
|c BK
|
| 952 |
|
|
|0 0
|1 0
|2 ddc
|4 1
|6 891_443710000000000_AHM
|7 0
|8 FIC
|9 60181
|a BRACUL
|b BRACUL
|d 2017-04-13
|e Paragon Enterprises
|g 352.00
|l 44
|m 197
|o 891.44371 AHM
|p 3010031673
|r 2026-03-29
|s 2026-03-05
|t 2
|v 352.00
|w 2017-04-13
|y BK
|x Damaged declared on 16/04/2026
|
| 952 |
|
|
|0 0
|1 0
|2 ddc
|4 0
|6 891_443710000000000_AHM
|7 0
|8 FIC
|9 60182
|a BRACUL
|b BRACUL
|c GEN
|d 2017-04-13
|e Paragon Enterprises
|g 352.00
|l 24
|m 170
|o 891.44371 AHM
|p 3010031672
|q 2026-06-02
|r 2026-02-03
|s 2026-02-03
|t 1
|v 352.00
|w 2017-04-13
|y BK
|
| 952 |
|
|
|0 0
|1 0
|2 ddc
|4 0
|6 891_443710000000000_AHM
|7 0
|8 FIC
|9 65682
|a SCL
|b SCL
|c GEN
|d 2019-07-17
|e Development Book Agency
|g 340.00
|l 18
|m 55
|o 891.44371 AHM
|p 3020034835
|r 2026-04-26
|s 2026-04-19
|t 3
|v 340.00
|w 2019-07-17
|y BK
|
| 952 |
|
|
|0 0
|1 0
|2 ddc
|4 0
|6 891_443710000000000_AHM
|7 0
|8 FIC
|9 65844
|a BRACUL
|b BRACUL
|c GEN
|d 2019-07-24
|e Development Book Agency
|g 340.00
|l 3
|m 39
|o 891.44371 AHM
|p 3010034994
|r 2022-08-02
|s 2022-04-28
|t 4
|v 340.00
|w 2019-07-24
|y BK
|